Città del Mondiale Svezia 1958 - Statistics

Statistiche generali
  • Questo quiz è stato fatto 7 volte
  • Il punteggio medio è 6 su 12
Statistiche sulle risposte
con Immagini Risposta % Corretto
Göteborg
100%
Malmö
100%
Helsingborg
75%
Norrköping
75%
Örebro
75%
Halmstad
50%
Borås
25%
Eskilstuna
25%
Sandviken
25%
Uddevalla
25%
Västerås
25%
Solna (Stoccolma)
0%
Nessun quiz corrispondente trovato
Distribuzione punteggi
Percentuale di utenti per punteggio
Percentile per numero di risposta
I tuoi punteggi nel tempo
Non hai fatto questo quiz